000
00353nam a2200169Ia 4500
100
_a
Keogh/Jim
650
_a
Java
250
_a
2
942
_c
RB
366
_f
20
654
_a
java
245
_a
Complete Reference J2EE
260
_b
Tata Mc Graw hill Ltd.
_a
New Delhi
_c
2002
082
_a
005.133/KEO
_b
KEO
300
_a
886
546
_a
ENGLISH
999
_c
28994
_d
28994